| 000 | 00478nam a22001817a 4500 | ||
|---|---|---|---|
| 999 |
_c7343 _d7343 |
||
| 003 | OSt | ||
| 005 | 20211006163131.0 | ||
| 008 | 211006b ||||| |||| 00| 0 eng d | ||
| 020 | _a9781405131780 | ||
| 040 | _cDDC | ||
| 082 | _a636.082 CAL 2014. | ||
| 100 |
_aCalvis, Dalton _915047 |
||
| 245 | _aIntroduction to Animal Breeding. | ||
| 260 |
_aNetherlands: _bWiley-Blackwell; _c2014, |
||
| 300 |
_a311p.: _bill; _c26cm. |
||
| 650 |
_aAnimal Breeding. _914283 |
||
| 942 |
_2ddc _cBOOK |
||